[Event "Amsterdam Science Park op-A"]
[Site "Amsterdam"]
[Date "2018.07.10"]
[Round "4"]
[White "Spiler, Angelo"]
[Black "Grooten, Herman"]
[Result "0-1"]
[WhiteElo "2049"]
[BlackElo "2384"]
[PlyCount "62"]
[EventDate "2018.07.07"]
[EventType "swiss"]
[EventRounds "9"]
[EventCountry "NED"]
[SourceTitle "CBM 185 Extra"]
[Source "ChessBase"]
[SourceDate "2018.07.29"]
[SourceVersion "1"]
[SourceVersionDate "2018.07.29"]
[SourceQuality "1"]

1. e4 c5 2. Nf3 d6 3. c3 Nf6 4. Qc2 Qc7 5. a4 g6 6. Na3 a6 7. Nc4 b6 8. a5 Nbd7 9. axb6 Nxb6 10. Nxb6 Qxb6 11. Bc4 Bg7 12. d3 0-0 13. Bg5 Rb8 14. Ra2 e6 15. e5 dxe5 16. Bxf6 Bxf6 17. 0-0 Bb7 18. Nd2 Qc6 19. f3 Bd8 20. Rfa1 Ra8 21. Nb3 Qd6 22. Qe2 Bc7 23. g3 Rfb8 24. Qe3 Bb6 25. Re1 f6 26. Rea1 Kg7 27. Kg2 g5 28. Nd2 a5 29. Ne4 Qe7 30. Bb5 g4 31. fxg4 f5 0-1

[Event "Amsterdam Science Park op-A"]
[Site "Amsterdam"]
[Date "2018.07.09"]
[Round "3"]
[White "Kossen, Johannes"]
[Black "Spiler, Angelo"]
[Result "0-1"]
[WhiteElo "2095"]
[BlackElo "2049"]
[PlyCount "68"]
[EventDate "2018.07.07"]
[EventType "swiss"]
[EventRounds "9"]
[EventCountry "NED"]
[SourceTitle "CBM 185 Extra"]
[Source "ChessBase"]
[SourceDate "2018.07.29"]
[SourceVersion "1"]
[SourceVersionDate "2018.07.29"]
[SourceQuality "1"]

1. d4 Nf6 2. c4 g6 3. Nf3 Bg7 4. g3 0-0 5. Bg2 d6 6. Nc3 c6 7. 0-0 Qa5 8. h3 Nbd7 9. a3 Qa6 10. b3 b5 11. cxb5 cxb5 12. a4 b4 13. Na2 Rb8 14. Bd2 Qb6 15. Nxb4 a5 16. Nd3 Ne4 17. Rb1 Ba6 18. Be1 Bxd4 19. Nxd4 Qxd4 20. Bxe4 Qxe4 21. Bxa5 Nc5 22. Nxc5 dxc5 23. Re1 Bc8 24. f3 Qa8 25. Bc3 Bxh3 26. Qd2 Be6 27. Qg5 f6 28. Qxc5 Kf7 29. Bb4 Qb7 30. Ba3 Rfc8 31. Qe3 Rc2 32. Bc5 Qc7 33. b4 Qxg3+ 34. Kh1 Rc4 0-1

[Event "Bussum op 30th"]
[Site "Bussum"]
[Date "2013.05.19"]
[Round "4"]
[White "Spiler, Angelo"]
[Black "Wunnink, Michael"]
[Result "1/2-1/2"]
[WhiteElo "2034"]
[BlackElo "2248"]
[PlyCount "52"]
[EventDate "2013.05.18"]
[EventType "swiss"]
[EventRounds "7"]
[EventCountry "NED"]
[SourceTitle "CBM 154 Extra"]
[Source "ChessBase"]
[SourceDate "2013.06.25"]
[SourceVersion "2"]
[SourceVersionDate "2013.06.25"]
[SourceQuality "1"]

1. e4 e5 2. Nf3 Nc6 3. d4 exd4 4. Bc4 Bc5 5. c3 Nf6 6. b4 Be7 7. e5 Ne4 8. b5 Na5 9. Bd3 d5 10. cxd4 Bf5 11. 0-0 c5 12. bxc6 Nxc6 13. Qb3 0-0 14. Ba3 Bxa3 15. Nxa3 b6 16. Nc2 Bg4 17. Nfe1 Rc8 18. h3 Bh5 19. g4 Bg6 20. Ng2 Nxd4 21. Nxd4 Nc5 22. Qa3 Bxd3 23. Rfe1 Bc4 24. Rad1 a5 25. Ne3 Ne4 26. Nef5 Nc5 1/2-1/2

[Event "Vienna op 17th"]
[Site "Vienna"]
[Date "2011.08.13"]
[Round "1"]
[White "Spiler, Angelo"]
[Black "Buhmann, Rainer"]
[Result "0-1"]
[WhiteElo "2111"]
[BlackElo "2582"]
[PlyCount "88"]
[EventDate "2011.08.13"]
[EventType "swiss"]
[EventRounds "9"]
[EventCountry "AUT"]
[SourceTitle "CBM 143 Extra"]
[Source "ChessBase"]
[SourceDate "2011.08.29"]
[SourceVersion "1"]
[SourceVersionDate "2011.08.29"]
[SourceQuality "1"]

1. e4 e6 2. d4 d5 3. e5 c5 4. c3 Nc6 5. Nf3 Bd7 6. Be2 Rc8 7. 0-0 a6 8. g3 Nge7 9. Bg5 h6 10. Bxe7 Bxe7 11. Nbd2 0-0 12. dxc5 Bxc5 13. Nb3 Ba7 14. Nbd4 Qb6 15. Rb1 f6 16. Nxc6 Bxc6 17. exf6 Rxf6 18. Qd4 Rcf8 19. Kg2 Bb5 20. Bxb5 axb5 21. Qxb6 Bxb6 22. Nd4 e5 23. Nxb5 Rxf2+ 24. Rxf2 Rxf2+ 25. Kh3 Kf7 26. a4 Ke6 27. b4 h5 28. Re1 g5 29. g4 Rf3+ 30. Kg2 hxg4 31. a5 Be3 32. Nc7+ Kd6 33. Nb5+ Kc6 34. Na3 e4 35. Re2 Bf4 36. Nb1 Rh3 37. Kg1 g3 38. hxg3 Rxg3+ 39. Kf1 Rh3 40. Kg1 g4 41. Rg2 g3 42. Re2 Rh2 43. Rg2 e3 44. Na3 e2 0-1

[Event "Amsterdam Science Park op-A 1st"]
[Site "Amsterdam"]
[Date "2011.07.17"]
[Round "9"]
[White "Spiler, Angelo"]
[Black "Schroer, Marcel"]
[Result "0-1"]
[WhiteElo "2111"]
[BlackElo "2116"]
[PlyCount "80"]
[EventDate "2011.07.09"]
[EventType "swiss"]
[EventRounds "9"]
[EventCountry "NED"]
[SourceTitle "CBM 143 Extra"]
[Source "ChessBase"]
[SourceDate "2011.08.29"]
[SourceVersion "1"]
[SourceVersionDate "2011.08.29"]
[SourceQuality "1"]

1. e4 c5 2. Nf3 d6 3. d4 cxd4 4. Nxd4 Nf6 5. Nc3 a6 6. Bg5 e6 7. f4 Qb6 8. Nb3 Nbd7 9. Be2 Be7 10. Qd3 Qc7 11. Bf3 Rb8 12. 0-0-0 b5 13. g4 b4 14. Ne2 a5 15. Bxf6 gxf6 16. Kb1 Qb6 17. Nd2 Nc5 18. Qd4 Ba6 19. g5 Nd7 20. h4 Rc8 21. Qxb6 Nxb6 22. Ng3 Kd7 23. Bh5 fxg5 24. hxg5 h6 25. Bxf7 hxg5 26. f5 exf5 27. exf5 Kc7 28. Be6 Bb7 29. Rhe1 Rcf8 30. Nde4 d5 31. Nf2 Bd6 32. Ne2 Rh2 33. Ng4 Rh4 34. Rg1 Bc5 35. Nd4 Nc4 36. c3 bxc3 37. bxc3 Bc6 38. Rg2 Rb8+ 39. Ka1 Ba3 40. Ne3 Rxd4 0-1

[Event "Amsterdam Science Park op-A 1st"]
[Site "Amsterdam"]
[Date "2011.07.11"]
[Round "3"]
[White "Spiler, Angelo"]
[Black "Brink, Barry"]
[Result "0-1"]
[WhiteElo "2111"]
[BlackElo "2204"]
[PlyCount "104"]
[EventDate "2011.07.09"]
[EventType "swiss"]
[EventRounds "9"]
[EventCountry "NED"]
[SourceTitle "CBM 143 Extra"]
[Source "ChessBase"]
[SourceDate "2011.08.29"]
[SourceVersion "1"]
[SourceVersionDate "2011.08.29"]
[SourceQuality "1"]

1. e4 c5 2. Nf3 e6 3. d4 cxd4 4. Nxd4 Nc6 5. Nb5 d6 6. Bf4 e5 7. Be3 a6 8. N5c3 Nf6 9. Bc4 Be6 10. Nd5 Bxd5 11. Bxd5 Nxd5 12. Qxd5 Be7 13. c3 0-0 14. 0-0 Bg5 15. Bxg5 Qxg5 16. Na3 Rae8 17. f4 Qd8 18. f5 Qb6+ 19. Rf2 Ne7 20. Qd2 Qc6 21. f6 Ng6 22. Re1 gxf6 23. Rxf6 Re6 24. Rf3 Nf4 25. g3 Rg6 26. Kh1 Ne6 27. Nc2 Ng5 28. Rfe3 a5 29. h4 Nxe4 30. Rxe4 f5 31. Kh2 fxe4 32. Ne3 Rf3 33. g4 Rxe3 34. Qxe3 Rxg4 35. Qh6 d5 36. Qh5 Qg6 37. Qxg6+ Rxg6 38. c4 d4 39. Rxe4 Re6 40. Kg3 Kf7 41. Kf3 h5 42. Ke2 Kf6 43. Kd3 Kf5 44. Re1 Rg6 45. Rf1+ Ke6 46. Rf8 Rg3+ 47. Kc2 e4 48. Rb8 Rg2+ 49. Kb3 e3 50. Re8+ Kf5 51. c5 Rd2 52. a4 e2 0-1

[Event "Amsterdam Science Park op-A 1st"]
[Site "Amsterdam"]
[Date "2011.07.09"]
[Round "1"]
[White "Schneider, Veronika"]
[Black "Spiler, Angelo"]
[Result "1-0"]
[WhiteElo "2331"]
[BlackElo "2111"]
[PlyCount "63"]
[EventDate "2011.07.09"]
[EventType "swiss"]
[EventRounds "9"]
[EventCountry "NED"]
[SourceTitle "CBM 143 Extra"]
[Source "ChessBase"]
[SourceDate "2011.08.29"]
[SourceVersion "1"]
[SourceVersionDate "2011.08.29"]
[SourceQuality "1"]

1. e4 c5 2. c3 d5 3. exd5 Qxd5 4. d4 Nc6 5. Nf3 Bg4 6. dxc5 Qxd1+ 7. Kxd1 e5 8. b4 Nf6 9. Nbd2 0-0-0 10. Kc2 Bf5+ 11. Kb3 Ng4 12. Bc4 Nxf2 13. Rf1 Nd3 14. Ng5 Bg6 15. Bxd3 Rxd3 16. Nxf7 Rg8 17. Nc4 Nd4+ 18. Kb2 Ne2 19. Ncxe5 Nxc1 20. Nxg6 hxg6 21. Raxc1 Be7 22. Kc2 Re3 23. Rfe1 Rxe1 24. Rxe1 Bf6 25. Nd6+ Kc7 26. Re8 Rxe8 27. Nxe8+ Kd7 28. Nxf6+ gxf6 29. Kd3 Ke6 30. Kd4 f5 31. c4 g5 32. a4 1-0

[Event "Hilversum op-A"]
[Site "Hilversum"]
[Date "2010.07.04"]
[Round "9"]
[White "Spiler, Angelo"]
[Black "Kunnen, Ruurd"]
[Result "1-0"]
[WhiteElo "2115"]
[BlackElo "1986"]
[PlyCount "29"]
[EventDate "2010.06.26"]
[EventType "swiss"]
[EventRounds "9"]
[EventCountry "NED"]
[SourceTitle "CBM 137 Extra"]
[Source "ChessBase"]
[SourceDate "2010.09.01"]
[SourceVersion "1"]
[SourceVersionDate "2010.09.01"]
[SourceQuality "1"]

1. e4 d6 2. d4 Nf6 3. Nc3 e5 4. dxe5 dxe5 5. Qxd8+ Kxd8 6. Bd3 c6 7. f4 Bc5 8. Nf3 exf4 9. Bxf4 Nh5 10. Bd2 Bg4 11. Ng5 Kc7 12. h3 Ng3 13. Bf4+ Bd6 14. e5 Nxh1 15. exd6+ 1-0